| 000 | 00878cam a22002414a 4500 | ||
|---|---|---|---|
| 001 | 13828338 | ||
| 005 | 20131001135830.0 | ||
| 008 | 041230s2005 enka b 001 0 eng | ||
| 010 | _a 2004066263 | ||
| 020 | _a0273663259 (alk. paper) | ||
| 020 | _a9780273663256 | ||
| 082 | 0 | 0 |
_a658.11 _222 _bBRA |
| 100 | 1 |
_aBragg, Andrew. _933882 |
|
| 245 | 1 | 0 |
_aDeveloping new business ideas : _ba step-by-step guide to creating new business ideas worth backing / _cAndrew Bragg and Mary Bragg. |
| 260 |
_aHarlow, England ; _aNew York : _bFinancial Times /Prentice Hall, _c2005. |
||
| 300 |
_axxl, 266 p. : _bill. ; _c24 cm. |
||
| 504 | _aIncludes bibliographical references (p. 250-257) and index. | ||
| 650 | 0 |
_aCreative ability in business. _924379 |
|
| 650 | 0 |
_aNew business enterprises. _933883 |
|
| 653 |
_bCS _cSeptember2013 |
||
| 700 | 1 |
_aBragg, Mary. _933884 |
|
| 942 |
_2ddc _cBB |
||
| 999 |
_c17589 _d17561 |
||